1713 1416 1625 1500 1718 1458 1166 1297 1233 1747 1324 1295 1209 1711 1639 1878 1170 1914 1518 1205 1775 1639 1535 1138 1495 1959 1005 1972 1072 1074 1720 1063 1245 1685 1391 1999 1554 1106 1573 1859 1129 1888 1070 1349 1541 1855 1376 1151 1896 1384 1727 1452 1019 1371 1804 1660 1046 1068 1407 1261 1842 1209 1034 1840 1196 1217 1606 1205 1229 1217 1806 1967 1426 1970 1453 1781 1347 1513 1351 1312 1576 1471 1198 1808 1252 1461 1904 1910 1463 1162 1110 1210 1935 1839 1075 1833 1679 1835 1981 BCNSPRNW ULIB Ver.6.0+V

เปลี่ยนเป็นภาษาไทย

Change to English
 แสดงรายละเอียดบรรณานุกรม
  กลับหน้าหลัก

Brief Record : Get Marc (ISO 2709) : E-mail record : QR code < ปิดหน้าต่าง
LEADER : 00000nam 2200000uu 4500
001    13399109158
003     ULIB
008    110323s||||||||th 000 0 tha d
020    9789744141538
041 1  tha^heng
050  4 T49.5^bม464ค 2553
100 1  มาร์ติน, โรเจอร์
245 10 คิดแบบบูรณาการ =^bThe Opposable mind /^cโดย Roger Martin; แปลและเรียบเรียงโดย ปวีณา แปลงประวัติ
246 31 Wake up your creative genius
250    พิมพ์ครั้งที่ 1
260    กรุงเทพฯ :^bเอ็กซเปอร์เน็ท,^c2553
300    248 หน้า :^bภาพประกอบ ;^c24 ซม.
650  7 ความคิดสร้างสรรค์
650  7 การสร้างสรรค์ทางเทคโนโลยี
700 0  ปวีณา แปลงประวัติ,^eผู้แปล
945    ^p250^l0^i029948
945    ^p250^l0^i029947
995    เกษร
999 ^a ใช้งานได้ทุกระบบ
รายการนี้ยังไม่มีแท็ก
คุณยังไม่ได้ล็อกอิน คุณสามารถมีกิจกรรมร่วมกับเว็บไซต์ได้ แต่ต้องล็อกอินก่อน ::
  ล็อกอิน

รายการสื่อสารสนเทศ

ลำดับที่ ประเภท เลขเรียก/บาร์โค้ด สถานที่ สถานะ
1. การศึกษาทั่วไป
การศึกษาทั่วไป
T49.5 ม464ค 2553 ฉ.1 
  Barcode: 029947
ห้องสมุดวิทยาเขตนครสวรรค์
►หนังสือทั่วไป:l:General Books
บนชั้น
2. การศึกษาทั่วไป
การศึกษาทั่วไป
T49.5 ม464ค 2553 ฉ.2 
  Barcode: 029948
ห้องสมุดวิทยาเขตนครสวรรค์
►หนังสือทั่วไป:l:General Books
บนชั้น

รายการใกล้เคียง
    ผู้แต่ง [มาร์ติน, โรเจอร์]

    หัวเรื่อง [ความคิดสร้างสรรค์]
    หัวเรื่อง [การสร้างสรรค์ทางเทคโนโลยี]

BibComment


ยังไม่เคยถูกคอมเมนท์

คอมเมนท์ทรัพยากรรายการนี้
  คอมเมนท์: คิดแบบบูรณาการ T..


 Copyright 2026. Bcnsprnw @Library